| 000 | 00624nam a2200193Ia 4500 | ||
|---|---|---|---|
| 001 | 6116 | ||
| 003 | GE_BSU | ||
| 008 | 181216s||||||||xx |||||||||||||| ||und|| | ||
| 040 | _cGE_BSU | ||
| 080 | _a821.353.1-32 | ||
| 100 | _aასკურავა, დავით | ||
| 245 | _aსიხარულით სავსე მატარებელი: მოთხრობები | ||
| 245 | _cრედ. დ. ციგროშვილი | ||
| 260 | _aთბილისი | ||
| 260 | _bსაბჭოთა საქართველო | ||
| 260 | _c1975 | ||
| 300 | _a148გვ; 16სმ. | ||
| 942 | _cBK | ||
| 999 |
_c39520 _d39520 |
||